00904cam a22002417a 4500003000400000005001700004008004100021017001900062020001800081040002400099100003700123245012400160260004600284300002700330504001700357650003200374650002900406650002700435700004300462942000800505999001500513952013400528OSt20171019183043.0171019s2013 sp a || 000 0 spa|d aDL S. 452-2013 a9788415544340 aES-BaCBUbcatcCDMR1 aLópez Hidalgo, Antonio,d1957-10aPeriodismo de inmersión para desenmascarar la realidad c/ Antonio López Hidalgo, Ma. Ángeles Fernández Barrero aSalamanca :bComunicación Social,c2013 a185 p. :bil. ;c21 cm aBibliografia04aPeriodisme d'investigació04aPeriodismexObjectivitat04aPeriodisme científic1 aFernández Barrero, María Ángeles cMON c7072d7072 00104070aCDMRbCDMRd2017-10-19eIntercanvig16.01l2m1oDc /13pCDMR17101622r2022-01-11s2021-12-09v16.01w2017-10-19yMON